Educational philosophy of the Holy Quran (Record no. 65401)

MARC details
000 -LEADER
fixed length control field 00237nam a22001097a 4500
082 ## - DEWEY DECIMAL CLASSIFICATION NUMBER
Classification number 297.17MAZ
100 ## - MAIN ENTRY--AUTHOR NAME
Personal name Dr Mahar abdul Haq
245 ## - TITLE STATEMENT
Title Educational philosophy of the Holy Quran
260 ## - PUBLICATION, DISTRIBUTION, ETC. (IMPRINT)
Place of publication Lahore
300 ## - PHYSICAL DESCRIPTION
Number of Pages 330p
942 ## - ADDED ENTRY ELEMENTS (KOHA)
Koha item type Books

No items available.